A question of economics

Gardado en:
Detalles Bibliográficos
Autor Principal: Donaldson, Peter
Formato: Libro
Idioma:Undetermined
Publicado: New York Penguin Books 1998
Những chủ đề:
Các nhãn: Engadir etiqueta
Sen Etiquetas, Sexa o primeiro en etiquetar este rexistro!
Thư viện lưu trữ: Trung tâm Học liệu Trường Đại học Cần Thơ
LEADER 00545nam a2200205Ia 4500
001 CTU_80442
008 210402s9999 xx 000 0 und d
082 |a 338.2 
082 |b D676 
100 |a Donaldson, Peter 
245 2 |a A question of economics 
245 0 |c Peter Donaldson 
260 |a New York 
260 |b Penguin Books 
260 |c 1998 
650 |a Natural gas,Petroleum products 
650 |x Prices 
650 |z Canada,United states 
904 |i Trọng Hải 
980 |a Trung tâm Học liệu Trường Đại học Cần Thơ